00551 2200205 4500001002100000005001500021008004100036020002200077035001900099041000600118082001000124090001600134100002000150700002500170245007900195260002600274300002400300500000600324650001500330INLIS00000000000513120241224113037241224||||||||| | ||| |||| ||  a978-979-3714-72-1 0010-1224005131 a00 a373.1 a373.1 TIM p0 aTim kalisa Pena0 aTim Ahli Hikmah Ilmu00aPaket 3 in 1 Siap Ulangan Harian dan Semester Bahasa Kelas XII B Untuk SMA aJakartabHikmahc2009 aii, 150 hlm.; 29 cm a1 0apendidikan